| 000 | nam a22 7a 4500 | ||
|---|---|---|---|
| 999 |
_c8179 _d8179 |
||
| 005 | 20191001030853.0 | ||
| 008 | 191001b xxu||||| |||| 00| 0 eng d | ||
| 020 |
_a9781446211113 _bpaperback |
||
| 040 |
_beng _cAPEC Schools Library _erda |
||
| 082 |
_aC 616.9 _bB225m 2013 |
||
| 100 | _aBarker, Meg | ||
| 245 |
_aMindful counseling and psychotherapy : practicing mindfully cross approaches & issues / _cMeg Barker |
||
| 264 |
_aLos Angeles, CA : _bSAGE Publications, Inc., _c©2013. |
||
| 300 |
_a207 pages : _billustrations ; |
||
| 336 |
_2rdacontent _atext |
||
| 337 |
_2rdamedia _aunmediated |
||
| 338 |
_2rdacarrier _avolume |
||
| 504 | _aIncludes bibliographical references and index. | ||
| 650 | _aMindfulness-based cognitive therapy. | ||
| 650 |
_aPsychotherapy _vReligious aspects _xBuddhism. |
||
| 942 |
_2ddc _cNFIC |
||